logo

Bir Sreshtho Munshi Abdur Rouf Library
Jhenaidah Cadet College

Java 1.2 in record time (Record no. 6662)

MARC details
000 -LEADER
fixed length control field 01162nam a2200337 a 4500
003 - CONTROL NUMBER IDENTIFIER
JCCL marc code BD-JhCC
005 - DATE AND TIME OF LATEST TRANSACTION
control field 20180127184845.0
008 - FIXED-LENGTH DATA ELEMENTS--GENERAL INFORMATION
fixed length control field 000407s1998 caua s 000 0 eng d
020 ## - INTERNATIONAL STANDARD BOOK NUMBER
Cancelled/invalid ISBN 0782121713
International Standard Book Number 8176560359
035 ## - SYSTEM CONTROL NUMBER
system control number (BD-JhCC)
040 ## - CATALOGING SOURCE
Original cataloging agency CtWfDGI
Modifying agency BD-JhCC
041 ## - LANGUAGE CODE
Language code of Book eng
050 14 - LIBRARY OF CONGRESS CALL NUMBER
Classification number QA76.73.J38
Item number H642 1998b
082 04 - DEWEY DECIMAL CLASSIFICATION NUMBER
Classification number 005.2/762
DDC Edition number 21
Author mark and Year HOL 1998
100 1# - MAIN ENTRY--PERSONAL NAME
Personal name Holzner, Steven.
245 10 - TITLE STATEMENT
Title Java 1.2 in record time
Statement of responsibility, etc Steven Holzner.
256 ## - COMPUTER FILE CHARACTERISTICS
Computer file characteristics Computer document.
260 ## - PUBLICATION, DISTRIBUTION, ETC. (IMPRINT)
Place of publication, distribution, etc San Francisco :
Name of publisher, distributor, etc Sybex,
Date of publication, distribution, etc c1998
Place of manufacture (Norwood, Mass. :
Manufacturer Books24x7.com [generator])
260 ## - PUBLICATION, DISTRIBUTION, ETC. (IMPRINT)
Place of publication, distribution, etc New Delhi
Name of publisher, distributor, etc BPB Publication
Date of publication, distribution, etc 1998
300 ## - PHYSICAL DESCRIPTION
Pagination Mul
Other physical details ill.;
Dimensions 24 cm.
500 ## - GENERAL NOTE
General note Title from title screen.
516 ## - TYPE OF COMPUTER FILE OR DATA NOTE
Type of computer file or data note Text.
550 ## - ISSUING BODY NOTE
Issuing body note Digitized and made available by: Books 24x7.com.
650 #0 - SUBJECT ADDED ENTRY--TOPICAL TERM
Topical term or geographic name as entry element Java (Computer program language)
655 #7 -
Genre/form data or focus term Electronic books.
Source of term lcsh
710 2# - ADDED ENTRY--CORPORATE NAME
Corporate name or jurisdiction name as entry element Books24x7, Inc.
942 ## - ADDED ENTRY ELEMENTS (KOHA)
Source of classification or shelving scheme Dewey Decimal Classification
Koha item type Books
949 #1 - LOCAL PROCESSING INFORMATION (OCLC)
1 MIT Access Only
a n-mit
b NET
h **See URL(s)
o 8
x 02
956 40 - LOCAL ELECTRONIC LOCATION AND ACCESS (OCLC)
Uniform Resource Identifier http://owens.mit.edu/sfx%5Flocal?bookid=211&rft.genre=book&sid=Barton:Books24x7
Public note Click here for the electronic version.

No items available.


JCC Library | Contacts | JCC Home

Last Update on 23 September 2017
Copyright @ 2017-2020 JCC Rouf Library
Rouf Library, Jhenidah Cadet College (JCC), Bangladesh